| 000 | 00445nam a22001577a 4500 | ||
|---|---|---|---|
| 005 | 20251108173302.0 | ||
| 008 | 250721s2006 xx 000 0 eng d | ||
| 082 | 1 | 4 | _a610.73/sam |
| 100 | 1 | _aNeveen, AL. Samhoury | |
| 245 | 1 | 0 | _aSocialization Into Nursing / |
| 264 | 1 |
_aعمان : _bمكتبة المجتمع العربي للنشر والتوزيع, _c2006. |
|
| 300 | _a95 p | ||
| 650 | 1 | 7 | _aNURSING |
| 942 |
_2ddc _cREF |
||
| 999 |
_c100374 _d100374 |
||